000 00524nam a2200217Ia 4500
003 OSt
005 20220924142952.0
006 a|||||r|||| 00| 0
007 ta
008 220923b |||||||| |||| 00| 0 ori d
024 _a304130
037 _cTextual
040 _aARTS
_cARTS
_bORI
041 _2ORI
_aORI
082 _aR65, 1591K6.9
245 0 _aJagannath Das Bhargavat
260 _c1967
650 _aORIYA LITERATURE
_927692
942 _hR65, 1591K6.9
_cTEXL
_2CC
999 _c452682
_d452682